|
|
|
|
| LEADER |
01024nam a2200313 4500 |
| 001 |
DLU090093541 |
| 005 |
##20091201 |
| 040 |
# |
# |
|a DLU
|b eng
|
| 041 |
# |
# |
|a eng
|
| 044 |
# |
# |
|a us
|
| 100 |
# |
# |
|a Vetter, Walter.
|
| 245 |
# |
# |
|a Indication of geographic variations of organochlorine concentrations in the blubber of Antarctic weddell seals (Leptonychotes weddelli) /
|c Walter Vetter, Marion Weichbrodt, Elke Stoll.
|
| 653 |
# |
# |
|a Leptonychotes weddelli
|
| 653 |
# |
# |
|a Marine environment
|
| 653 |
# |
# |
|a Organochlorine compounds
|
| 653 |
# |
# |
|a Pollutants
|
| 653 |
# |
# |
|a Water pollution
|
| 700 |
# |
# |
|a Stoll, Elke.
|
| 700 |
# |
# |
|a Weichbrodt, Marion.
|
| 773 |
# |
# |
|t Environmental Science & Technology
|g Vol. 37, no. 5 (March 2003), p. 840-844
|
| 920 |
# |
# |
|a Phòng Tạp chí -- Trung tâm Thông tin - Thư viện Trường Đại học Đà Lạt
|
| 994 |
# |
# |
|a DLU
|
| 900 |
# |
# |
|a True
|
| 911 |
# |
# |
|a Trương Bảo Trâm Anh
|
| 925 |
# |
# |
|a G
|
| 926 |
# |
# |
|a A
|
| 927 |
# |
# |
|a BB
|
| 980 |
# |
# |
|a Thư viện Trường Đại học Đà Lạt
|